| 000 | 00000nam##2200000za#4500 |
| 001 | 9.597832 |
| 003 | CaOODSP |
| 005 | 20210624204235 |
| 007 | cr ||||||||||| |
| 008 | 150406|2004||||xxc|||||o f|0| 0 fre|d |
| 040 | |aCaOODSP|bfre |
| 043 | |an-cn--- |
| 086 | 1 |aTU3-5/04-13F-PDF |
| 110 | 2 |aBureau de la sécurité des transports du Canada. |
| 245 | 10|aCollision en vol entre le Cessna 185, C-GGBT exploité par la Canadian Fishing Company et le Cessna 185, C-GTNE exploité par Corilair Charters Ltd à 20 nm au nord de Nanaimo (Nanoose Bay) (Colombie-Britannique), le 12 mars 2004 |h[ressource électronique] |
| 260 | |aGatineau - Québec : |bBureau de la sécurité des transports du Canada |c[2004]. |
| 300 | |a4p.|bréférences |
| 490 | 1 |aRapport d'enquête aéronautique |vA04P0057 |
| 590 | |a10-05-Supp|b2010-07-20 |
| 691 | 07|aAccident d'avion|2gcpds |
| 775 | 08|tIn-flight collision between Canadian Fishing Company Cessna 185, C-GGBT and Corilair Charters Ltd Cessna 185, C-GTNE, Nanaimo, British Columbia 20 nm N (Nanoose Bay), 12 March 2004 |w(CaOODSP)9.566315 |
| 830 | #0|aRapport d'enquête aéronautique ;|vA04P0057|w(CaOODSP)9.501229 |
| 856 | 40|ahttp://publications.gc.ca|qPDF|s72 Ko|uhttps://publications.gc.ca/collections/collection_2009/bst-tsb/TU3-5-04-13F.pdf|yA04P0057 |